Economics : Workbook
Zapisane w:
| 1. autor: | |
|---|---|
| Format: | Książka |
| Język: | Undetermined |
| Wydane: |
New York
Harvester wheatsheaf and Prentice-Hall
1994
|
| Hasła przedmiotowe: | |
| Etykiety: |
Dodaj etykietę
Nie ma etykietki, Dołącz pierwszą etykiete!
|
| Thư viện lưu trữ: | Trung tâm Học liệu Trường Đại học Cần Thơ |
|---|
| LEADER | 00543nam a2200205Ia 4500 | ||
|---|---|---|---|
| 001 | CTU_23698 | ||
| 008 | 210402s9999 xx 000 0 und d | ||
| 082 | |a 330.076 | ||
| 082 | |b S634 | ||
| 100 | |a Sloman, Jonh | ||
| 245 | 0 | |a Economics : | |
| 245 | 0 | |b Workbook | |
| 245 | 0 | |c Jonh Sloman, Mark Sutcliffe | |
| 260 | |a New York | ||
| 260 | |b Harvester wheatsheaf and Prentice-Hall | ||
| 260 | |c 1994 | ||
| 650 | |a Economics | ||
| 650 | |x Problems | ||
| 904 | |i Phượng, Hải | ||
| 980 | |a Trung tâm Học liệu Trường Đại học Cần Thơ | ||